000 00555nam a22002057a 4500
003 OSt
008 240215b1999 |||||||| |||| 00| 0 eng d
020 _a8170593301
082 _a158.12
_bWOO-C
100 _aWood, Ernest
245 _aConcentration :
_ba practical course with a supplement on meditation /
_cErnest Wood
250 _a2nd
260 _aChennai :
_bTheosophical Pub. House,
_c1999.
300 _axii, 200 p. ;
650 _aAttention
650 _aMeditation
650 _aConcentration
650 _aContemplation
942 _2ddc
_cBK
999 _c20342
_d20342